01019nam a2200241 a 450000100060000000300090000600800410001502000150005604000280007108200180009910000780011724500630019526000470025830000120030549000230031750501270034059000470046765000580051465000430057294200120061599900170062795201330064419915CO-ViMGA141112s2004 ck r 000 u spa d a9588052475 aCO-ViMGAbspacCO-ViMGA04aCo863.44 L4731 aJaramillo, Maria Mercedes; Osorio, Betty; Robledo, Ángela, Comp.92891010aLiteratura y Cultura : bNarrativa colombiana del siglo XX aBogotá : bMinisterio de Cultura, c2002 a3 Vols. aBeca de Excelencia aVol. 1 : La nación moderna. identidad Vol. 2 : Diseminación, cambios, desplazamientos. Vol. 3 : Hibridez y alteridades aForma de adquisición : Premio Mincultura14aNOVELA COLOMBIANA - ENSAYOS, CONFERENCIAS, ETC92891114aNOVELA COLOMBIANA - HISTORIA Y CRITICA 2ddccBK c29037d29037 00102ddc40708GENaMELEJANIbMELEJANIcGENd2026-02-03l0oCo863.44 L473pLEJ02063r2026-02-03 22:36:46tEj.1w2026-02-03yBK